Sector agropecuario
Lineamientos de la política agropecuaria, estrategia de desarrollo y aspectos prioritario del plan de desarrollo 1978-1982 de Costa Rica. Señala que la política del sector debe orientarse primordialmente hacia la producción d alimentos (desarrollo e la agroindustria alimentaria), incrementar las exp...
Enregistré dans:
| Collectivité auteur: | |
|---|---|
| Format: | Texte |
| Publié: |
San José:
OFIPLAN
|
| Sujets: | |
| Tags: |
Ajouter un tag
Pas de tags, Soyez le premier à ajouter un tag!
|
MARC
| LEADER | 00000 a a2200000 04500 | ||
|---|---|---|---|
| 001 | 20080 | ||
| 003 | |||
| 040 | |||
| 090 | |a 082400 | ||
| 110 | |a Costa Rica. Presidencia de la República. Oficina de Planificación Nacional y Política Económica | ||
| 245 | |a Sector agropecuario | ||
| 260 | |a San José: |b OFIPLAN | ||
| 300 | |a 10 p. | ||
| 520 | |a Lineamientos de la política agropecuaria, estrategia de desarrollo y aspectos prioritario del plan de desarrollo 1978-1982 de Costa Rica. Señala que la política del sector debe orientarse primordialmente hacia la producción d alimentos (desarrollo e la agroindustria alimentaria), incrementar las exportaciones de nuevos productos y levantar el nivel de vida de las zonas rurales. Comprende los aspectos prioritarios a desarrollar y menciona los organismos que participaran en la puesta en marcha del plan./ACM | ||
| 650 | |a COSTA RICA | ||
| 650 | |a PLANES NACIONALES | ||
| 650 | |a PLANES DE DESARROLLO | ||
| 650 | |a PLANIFICACION AGRICOLA | ||
| 650 | |a SECTOR AGROPECUARIO | ||
| 999 | |c 13391 |d 13391 | ||
